Allgemeinwissen nach Buchstabe - I - Statistiken

Allgemein
  • Dieses Quiz wurde 127 mal gespielt
    112 seit der letzten Aktualisierung
  • Das Durchschnittsergebnis liegt bei 12 aus 15
Antwortstatistiken
Hint Antwort % Korrekt
Zweitgrößte Religion der Welt Islam
100%
Spanische Partyinsel Ibiza
95%
Moderner Name Kostantinopels Istanbul
95%
Staat mit Hauptstadt Jakarta Indonesien
91%
Indigenes Volk und antikes Reich im heutigen Peru Inka
91%
Artenreichste Tierklasse, besitzt 6 Beine Insekten
90%
Bezeichnung der indigenen Völker Nordamerikas durch Christoph Kolumbus Indianer
88%
Wofür steht die Abkürzung IQ? Intelligenzquotient
86%
elektrisch geladene Atome oder Moleküle Ionen
84%
Rwdewendung: errrare humanum est ( _____ ist menschlich) Irren
83%
blauer Farbstoff, wird zur Färbung von Jeans verwendet Indigo
73%
Stilrichtung in der Kunstgeschichte, die durch die Darstellung von flüchtigen Momentaufnahmen/ Eindrücken gekennzeichnet ist (Vertreter bspw. Monet und Manet) Impressionismus
69%
Chemisches Element mit dem Formelzeichen I Iod
65%
Bestreben eines Staatswesens, seinen Einfluss auszudehnen Imperialismus
43%
Norwegischer Dramatiker, gilt als Begründer des modernen Theaters (Nachname) Henrik Ibsen
36%
Keine übereinstimmenden Quizze gefunden
Verteilung der Resultate
Anzahl Personen mit jedem Resultat
Perzentil nach korrekt beantworteten Fragen
Ihre Resultats-Entwicklung
Sie haben dieses Quiz seit der letzten Aktualisierung nicht gespielt